| 000 | 00424nam a22001337a 4500 | ||
|---|---|---|---|
| 008 | 240517b |||||||| |||| 00| 0 eng d | ||
| 020 | _a9789966460073 | ||
| 050 | _aAFR PR 9387.9 .A25N6 2018 | ||
| 100 | _aNgugi wa Thiong'o | ||
| 245 | _aA grain of wheat/ | ||
| 260 |
_aKenya-Nairobi: _bEast African Educational Publishers, _cc2018. |
||
| 300 | _a233 p. | ||
| 942 |
_2lcc _cAFRICANA _hPR 9381.9 N45G7 2018 |
||
| 999 |
_c31981 _d31981 |
||